[Event "30. Staufer-Open (A)"]
[Site "?"]
[Date "2018.01.02"]
[Round "1"]
[White "Wagner, Hans"]
[Black "Kostic, Vladimir"]
[Result "0-1"]
[WhiteElo "2103"]
[BlackElo "2326"]
[PlyCount "106"]
[EventDate "2018.??.??"]
[WhiteTeam "SC Stein 1998 e.V."]
[BlackTeam "Schachklub München Südost e.V."]

1. e4 c5 2. Nf3 e6 3. d4 cxd4 4. Nxd4 Nf6 5. Nc3 Nc6 6. Be2 Bb4 7. O-O Bxc3 8.
Nxc6 bxc6 9. bxc3 Qa5 10. Bf3 O-O 11. Qd4 e5 12. Qb4 Qxb4 13. cxb4 a5 14. bxa5
Rxa5 15. a4 d5 16. Bd2 Ra8 17. Bb4 Re8 18. exd5 Ba6 19. Rfe1 cxd5 20. Bc3 e4
21. Be2 Rec8 22. Ra3 Bxe2 23. Rxe2 Rc4 24. a5 d4 25. Be1 h5 26. f3 e3 27. c3
Nd5 28. cxd4 Ra6 29. g3 Rxd4 30. Rb2 f5 31. f4 h4 32. gxh4 Rxf4 33. Rd3 Rg6+
34. Bg3 Re4 35. h5 Rgg4 36. Rxd5 e2 37. Rxe2 Rxe2 38. Rxf5 Ra4 39. Bf2 Kh7 40.
Kf1 Re6 41. Kg2 Ra2 42. Kg3 Ra4 43. Bb6 Ree4 44. Bc7 Rg4+ 45. Kf3 Rg1 46. Bf4
Rf1+ 47. Kg4 Rfa1 48. Kg5 R4a2 49. Rb5 Rg1+ 50. Kf5 Rf1 51. Kg5 Rg1+ 52. Kf5
Rf2 53. h6 g5 0-1

[Event "30. Staufer-Open (A)"]
[Site "?"]
[Date "2018.01.02"]
[Round "1"]
[White "Wichmann, Cliff"]
[Black "Erker, Thomas"]
[Result "1-0"]
[WhiteElo "2314"]
[BlackElo "2103"]
[PlyCount "55"]
[EventDate "2018.??.??"]
[WhiteTeam "ESV Nickelhütte Aue"]
[BlackTeam "Ssg Fils-Lauter e. V."]

1. d4 f5 2. g3 d6 3. Bg2 Nf6 4. Nf3 g6 5. O-O Bg7 6. c4 O-O 7. Nc3 Nc6 8. d5
Ne5 9. Nxe5 dxe5 10. c5 e4 11. Qb3 Kh8 12. f3 exf3 13. exf3 e6 14. dxe6 Qe7 15.
Re1 Qxc5+ 16. Be3 Qe7 17. Bf2 Re8 18. Re2 b6 19. f4 Rb8 20. h3 Bxe6 21. Qa4 Ne4
22. Nxe4 fxe4 23. Rxe4 Qf7 24. Rae1 Bd7 25. Qxa7 Bxb2 26. Qxc7 Rbc8 27. Qxb6
Rxe4 28. Qxb2+ 1-0

[Event "30. Staufer-Open (A)"]
[Site "?"]
[Date "2018.01.02"]
[Round "1"]
[White "Nuding, Matthias"]
[Black "Stefansson, Vignir Vatnar"]
[Result "0-1"]
[WhiteElo "2101"]
[BlackElo "2304"]
[PlyCount "66"]
[EventDate "2018.??.??"]
[WhiteTeam "SC Noris-Tarrasch Nürnberg 1873"]

1. d4 f5 2. Nc3 Nf6 3. Bg5 d5 4. Bxf6 exf6 5. e3 Be6 6. Bd3 Nc6 7. Nge2 Qd7 8.
a3 Bf7 9. Nf4 g6 10. Qf3 O-O-O 11. h4 h5 12. O-O-O Bh6 13. Kb1 Ne7 14. Bb5 c6
15. Bf1 Kb8 16. Rc1 Nc8 17. Na4 Nd6 18. Nc5 Qe8 19. b3 b6 20. Na6+ Kb7 21. Bd3
g5 22. hxg5 fxg5 23. Ne2 Ne4 24. Qxf5 Be6 25. Qe5 Qf7 26. Nb4 Bg7 27. Ba6+ Ka8
28. Qh2 Qd7 29. f3 Nd6 30. c4 dxc4 31. bxc4 c5 32. Nc2 Qa4 33. d5 Qb3# 0-1

[Event "30. Staufer-Open (A)"]
[Site "?"]
[Date "2018.01.02"]
[Round "1"]
[White "Schulz, Karsten"]
[Black "Held, Carsten"]
[Result "1/2-1/2"]
[WhiteElo "2293"]
[BlackElo "2099"]
[PlyCount "65"]
[EventDate "2018.??.??"]
[WhiteTeam "SF Schwerin"]
[BlackTeam "SC Ladja Roßdorf"]

1. Nf3 Nf6 2. g3 c5 3. Bg2 g6 4. O-O Bg7 5. c4 O-O 6. Nc3 Nc6 7. d4 cxd4 8.
Nxd4 d6 9. Nc2 Qa5 10. Bd2 Qh5 11. e4 Qxd1 12. Rfxd1 Bg4 13. f3 Be6 14. Ne3
Rfc8 15. Rac1 Ne5 16. b3 Nd3 17. Rb1 Rab8 18. Bf1 Ne5 19. Be2 Nc6 20. Ned5 Bxd5
21. exd5 Nd4 22. Re1 Nd7 23. Bd1 Kf8 24. a4 b6 25. Bg5 Ne5 26. Kg2 h6 27. Bxe7+
Kxe7 28. f4 Kd7 29. fxe5 Bxe5 30. Ne2 Re8 31. Nxd4 Bxd4 32. Bf3 Rxe1 33. Rxe1
1/2-1/2

[Event "30. Staufer-Open (A)"]
[Site "?"]
[Date "2018.01.02"]
[Round "1"]
[White "Haselhorst, Helmut"]
[Black "Spitzl, Vinzent"]
[Result "1/2-1/2"]
[WhiteElo "2093"]
[BlackElo "2290"]
[PlyCount "74"]
[EventDate "2018.??.??"]
[WhiteTeam "Schachclub Steinfurt 1996 e.V."]
[BlackTeam "SV Griesheim 1976"]

1. Nf3 d5 2. d4 Nf6 3. c4 e6 4. g3 Bb4+ 5. Bd2 Be7 6. Bg2 O-O 7. O-O Nbd7 8.
Qc2 Ne4 9. Bc1 c6 10. b3 b6 11. Ba3 Ba6 12. Rc1 Rc8 13. Bxe7 Qxe7 14. Qb2 Rfd8
15. Qa3 Qxa3 16. Nxa3 Ndf6 17. e3 dxc4 18. Nxc4 c5 19. Nce5 h6 20. dxc5 bxc5
21. Rc2 Nd5 22. Nc6 Rxc6 23. Ne5 Rc7 24. Bxe4 f6 25. Nc4 Nb4 26. Rcc1 f5 27.
Bf3 Nd3 28. Rd1 Bxc4 29. bxc4 Rcd7 30. Bd5 Nf4 31. gxf4 exd5 32. Rxd5 Rxd5 33.
cxd5 Rxd5 34. Rc1 g5 35. fxg5 hxg5 36. Rc4 Kf7 37. Kg2 Kf6 1/2-1/2

[Event "30. Staufer-Open (A)"]
[Site "?"]
[Date "2018.01.02"]
[Round "1"]
[White "Thomas, Ingo"]
[Black "Weiß, Oliver"]
[Result "1/2-1/2"]
[WhiteElo "2086"]
[BlackElo "2280"]
[PlyCount "64"]
[EventDate "2018.??.??"]
[WhiteTeam "Krefelder SK Turm"]
[BlackTeam "TG Biberach"]

1. e4 e6 2. d4 d5 3. Nd2 Nc6 4. Ngf3 Nf6 5. e5 Nd7 6. c4 dxc4 7. Nxc4 Nb6 8.
Be2 Nb4 9. O-O Be7 10. a3 N4d5 11. Qc2 Nxc4 12. Bxc4 Bd7 13. Qe4 Nb6 14. Bd3
Bc6 15. Qg4 Bxf3 16. gxf3 g6 17. Be3 a5 18. Bh6 c6 19. Be4 Nd5 20. Rfd1 Qb6 21.
Rd2 a4 22. Rc1 Qb3 23. Bd3 Qb6 24. Qe4 Bf8 25. Bg5 h6 26. Be3 Be7 27. Bc4 Qd8
28. Kh1 Bg5 29. Rg1 Be7 30. Rc1 Qa5 31. Rdc2 Nb6 32. Bd2 Qa7 1/2-1/2

[Event "30. Staufer-Open (B)"]
[Site "?"]
[Date "2018.01.02"]
[Round "1"]
[White "Petrashov, Alexander"]
[Black "Redemann, Dietmar"]
[Result "1-0"]
[WhiteElo "1992"]
[BlackElo "1791"]
[PlyCount "55"]
[EventDate "2018.??.??"]
[WhiteTeam "SC Noris-Tarrasch Nürnberg 1873"]
[BlackTeam "SC Schwabmünchen"]

1. d4 d5 2. Nf3 Nc6 3. Bf4 Nf6 4. e3 a6 5. c4 Bg4 6. Nc3 e6 7. h3 Bxf3 8. Qxf3
Qd7 9. a3 Be7 10. Bd3 Na5 11. c5 b5 12. O-O h6 13. Rfd1 O-O 14. Bc2 Nh7 15. Qg3
Bg5 16. Bxc7 Nc4 17. b3 Rac8 18. bxc4 Rxc7 19. cxb5 axb5 20. Rdb1 Rb7 21. Bd3
Rfb8 22. Rb4 Bd8 23. Rab1 Ba5 24. R4b3 b4 25. axb4 Rxb4 26. Rxb4 Rxb4 27. Rxb4
Bxb4 28. Qb8+ 1-0

[Event "30. Staufer-Open (B)"]
[Site "?"]
[Date "2018.01.02"]
[Round "1"]
[White "Hahn, Martin"]
[Black "Krieg, Karl"]
[Result "1/2-1/2"]
[WhiteElo "1790"]
[BlackElo "1974"]
[PlyCount "42"]
[EventDate "2018.??.??"]
[WhiteTeam "SF Oeffingen e.V."]
[BlackTeam "SG Schwäbisch Gmünd 1872 e.V"]

1. b3 d5 2. Bb2 c5 3. e3 Nc6 4. Bb5 Bd7 5. Nf3 e6 6. O-O Nf6 7. d3 Be7 8. Nbd2
O-O 9. Bxc6 Bxc6 10. Ne5 Qc7 11. f4 Rad8 12. Qf3 Ne8 13. Rad1 Bb5 14. a4 Ba6
15. Ng4 f6 16. Qg3 Kh8 17. Rfe1 b6 18. e4 Rd7 19. exd5 exd5 20. Re6 Nd6 21.
Rde1 Nf5 1/2-1/2

[Event "30. Staufer-Open (B)"]
[Site "?"]
[Date "2018.01.02"]
[Round "1"]
[White "Gauer, Jakob"]
[Black "Brunner, Jan"]
[Result "0-1"]
[WhiteElo "1787"]
[BlackElo "1972"]
[PlyCount "66"]
[EventDate "2018.??.??"]
[WhiteTeam "SC Ostfildern 1952 e.V."]
[BlackTeam "TSV Schönaich"]

1. e4 c5 2. f4 Nc6 3. Nf3 d6 4. Bb5 Bd7 5. O-O g6 6. c3 Qb6 7. Bxc6 Bxc6 8. d3
c4+ 9. d4 Bxe4 10. Nbd2 Bd5 11. Qa4+ Qc6 12. Qxc6+ Bxc6 13. a4 Rc8 14. Re1 Bd5
15. Ne4 Kd7 16. Kf2 Bg7 17. Ng3 f5 18. Bd2 Rc6 19. h4 h5 20. Ng5 Nf6 21. Nf1
Rb6 22. Ra2 Ng4+ 23. Kg3 e5 24. dxe5 dxe5 25. Nh3 Re8 26. Ne3 Bg8 27. Raa1 Rd6
28. Rad1 Rd3 29. Kf3 Bd5+ 30. Ke2 Nxe3 31. Bxe3 exf4 32. Nxf4 Rdxe3+ 33. Kf2
Rxe1 0-1

[Event "30. Staufer-Open (B)"]
[Site "?"]
[Date "2018.01.02"]
[Round "1"]
[White "Vengring, Antal"]
[Black "Hof, Hasso"]
[Result "1-0"]
[WhiteElo "1952"]
[BlackElo "1770"]
[PlyCount "75"]
[EventDate "2018.??.??"]
[WhiteTeam "Post-SV Ulm"]
[BlackTeam "SC Grunbach"]

1. c4 e6 2. Nc3 d5 3. g3 Nf6 4. Bg2 c6 5. Qb3 Nbd7 6. d3 Nc5 7. Qc2 d4 8. Nd1
e5 9. f3 Bf5 10. Nf2 Rc8 11. Bh3 Bxh3 12. Ngxh3 h6 13. b3 Be7 14. Bd2 Na6 15.
a3 Qd7 16. O-O O-O 17. Kg2 Nh7 18. f4 Bf6 19. Ne4 Qg4 20. Bc1 Qe6 21. f5 Qe7
22. g4 Bh4 23. Bd2 Nf6 24. Nxf6+ Bxf6 25. b4 Rfe8 26. Nf2 Bg5 27. Ne4 Bxd2 28.
Qxd2 f6 29. h4 b6 30. Rf3 Nc7 31. g5 Kh7 32. Rg1 Rcd8 33. Kf1 b5 34. gxh6 Rg8
35. Rg6 bxc4 36. hxg7 Rxg7 37. Qh6+ Kg8 38. Nxf6+ 1-0